00482nam a2200169 a 450000100080000000500110000800800410001910000230006024500390008326000550012230000100017749000360018752000510022365000090027465300090028370000200029215120312024-09-26 1999 bl uuuu u0uu1 u #d1 aCARVALHO, E. F. de aDensidade aparente e real do solo. aRio Branco, AC: Universidade Federal do Acrec1999 a22 p. a(Série física do solo, v. 2). aDensidade aparente (Dap); Densidade Real (Dp). aSolo aAcre1 aSILVA, E. A. da